Documento de trabajo
I tiakina i:
| Kaituhi rangatōpū: | |
|---|---|
| Hōputu: | Pukapuka |
| Reo: | Pāniora |
| I whakaputaina: |
Buenos Aires
Universidad del Salvador
1992
|
| Ngā marau: | |
| Ngā Tūtohu: |
Tāpirihia he Tūtohu
Kāore He Tūtohu, Me noho koe te mea tuatahi ki te tūtohu i tēnei pūkete!
|
MARC
| LEADER | 00000nam a2200000 a 4500 | ||
|---|---|---|---|
| 001 | UCY3639 | ||
| 003 | CL-VaPUC | ||
| 008 | 950111e19920000AG |||||||||||||||||spa|d | ||
| 082 | 0 | 4 | |a 378.82 |b UNI |2 21 |
| 110 | 2 | |a Universidad del Salvador |e author |9 331995 | |
| 245 | 1 | 0 | |a Documento de trabajo |
| 300 | |a 149 p | ||
| 942 | |c BK | ||
| 945 | |d 19950111 00:00:00 |a rbrito | ||
| 260 | |a Buenos Aires |b Universidad del Salvador |c 1992 | ||
| 600 | 0 | 7 | |a UNIVERSIDAD DEL SALVADOR |2 CL-VaPUC |9 331996 |
| 650 | 0 | |a Historia |9 255047 | |
| 651 | 0 | |a Argentina |9 254888 | |
| 583 | |a last modification |c 19950111 00:00:00 |k Rodrigo Vera | ||
| 999 | |c 231720 |d 231718 | ||
| 952 | |0 0 |1 0 |4 0 |6 378_820000000000000_UNI_1992 |7 0 |8 A |9 235307 |a BIBEDU |b BIBEDU |d 2019-11-15 |i 3037274 |o 378.82 UNI 1992 |p 3037274 |r 2019-11-15 |w 2019-11-15 |y BK |k EDU | ||